000 00953nam a22003257a 4500
003 DO-SdBNP
005 20180220120241.0
008 151005b 1992 sp a 00| 0 spa d
020 _a8434814552
040 _aBPMSU
_bspa
_cBPMSU
092 _aXXXX
_bXXXX
100 1 _aCamus, William
240 1 _aLes bleus et les gris /
_lfre.
245 1 0 _aAzules contra grises /
_cWilliam Camus ; ilustración Teo Puebla ; traducción Guillermo Solana
250 _a9a. ed.
260 _aMadrid :
_bEdiciones SM,
_c1992.
300 _a193 p. :
_bil. ;
_c19 cm.
490 1 _aEl barco de vapor
_v18
490 1 _aRoja
521 1 _aA partir de los 12 años
586 _aPremio Literario de la Fundación Santa María
700 1 2 _aPuebla, Teo
_eil.
700 1 2 _aSolana, Guillermo
_etrad.
830 0 _aBarco de vapor
_n18
830 0 _aRoja
910 _a202
942 _2ddc
_cBK
945 _aInventariado, 2018/ YL
956 _aYLOCKWARD
_b10
_cBPMSU
999 _c13321
_d13321